01154 2200265 4500001002100000005001500021035002000036007000300056008004100059020002200100082000800122084001400130100003900144245013600183250002000319300004600339700004000385520030500425600002000730264004800750336002100798337003000819338002300849990001600872INLIS00000000000027920260420032054 a0010-0426000278ta260420 e h ind  a978-623-7339-23-6 a811 a811 FUA a0 aFuatuttaqwiyah El-adibaePengarang1 aAntologi puisi wrc scale up : dersik bait cinta /cPengarang, Fuatuttaqwiyah El-adiba ; Re Pramudya editor, Fuatuttaqwiyah El-adiba aCetakan pertama a212 halaman :bIlustrasi ;c14 cm X 21 cm0 aFuatuttaqwiyah El-adibaePenyunting aDersik Bait Cinta" adalah antologi puisi yang memuat ungkapan rasa cinta mendalam, dirangkai dalam kata-kata puitis. Dersik, yang berarti bunyi angin, memberikan nuansa alami dan romantis. Buku ini berfokus pada ketenangan jiwa bersama orang tercinta dan merupakan kumpulan karya terbitan Najmu Books 4aPuisi indonesia aJawa Barat :bNajmu books publishing,c2020 2rdacontentateks 2rdamediaaTanpa perantara 2rdacarrieraVolume aPT000522/24